000 00231nam a22001097a 4500
020 _a978-1-84866-063-2
082 _a510
_bELW/M
100 _aRICHARD ELWES
245 _aMATHS 1001
_bMATHS
246 _aMATHS 1001
_bMATHS
942 _cBK
999 _c1286
_d1286